| 000 | 01310pam a2200313 i 4500 | ||
|---|---|---|---|
| 001 | BK0018771606 | ||
| 005 | 20201106114144.0 | ||
| 008 | 161118s2017 nyu j 000 1 eng d | ||
| 010 | _abl2016051945 | ||
| 020 |
_a9780062348630 : HRD _c22.99 |
||
| 020 |
_a0062348639 : HRD _c22.99 |
||
| 037 |
_bHarpercollins Childrens Books, Attn Elaine Nealon 53 Glenmaura National Blvd Ste 300, Moosaic, PA, USA, 18507-2132 _nSAN 200-2086 |
||
| 040 |
_aNjBwBT _beng _cNjBwBT _dGCmBT |
||
| 050 | 1 | 4 |
_aPZ7.R7375 _bCar 2017 |
| 082 | 0 | 4 |
_a[Fic] _223 |
| 092 | _aFIC | ||
| 100 | 1 |
_aRoth, Veronica, _eauthor. _95717441 |
|
| 245 | 1 | 0 |
_aCarve the mark / _cVeronica Roth. |
| 250 | _aFirst edition. | ||
| 264 | 1 |
_aNew York, NY : _bKatherine Tegen Books, an imprint of HarperCollinsPublishers, _c[2017] |
|
| 300 |
_a468 pages ; _c24 cm |
||
| 336 | _atext | ||
| 337 | _aunmediated | ||
| 338 | _avolume | ||
| 520 | _aLiving on a violent planet where everyone develops a unique power meant to shape the future, Akos and Cyra, youths from enemy nations, resent gifts that render them vulnerable to others' control before they become unlikely survival partners. | ||
| 650 | 1 |
_aAbility _vFiction. _95673895 |
|
| 650 | 1 |
_aSurvival _vFiction. _95673621 |
|
| 650 | 1 |
_aScience fiction. _96384235 |
|
| 999 |
_c217588 _d217588 |
||